Responses for Show #4938 - Wednesday, February 15, 2006

2006 Teen Tournament semifinal game 3.

Contestants

[<< previous game]

Joseph Graumann, a junior from Mays Landing, New Jersey

Papa Chakravarthy, a sophomore from Lexington, Kentucky

David Hoffelmeyer, a senior from St. Joseph, Missouri

[next game >>]

Jeopardy! Round responses

THE ANCIENT EGYPTIANS
MARVELOUS MARVEL
WE HELP WITH YOUR COLLEGE APPLICATION
PS2
(Alex: There will be two "P"s and two "S"s in each correct response.)
2-WORD CAPITALS
STATE QUARTERS
    $200 1
cats

Papa
    $200 28
Iron Man

Papa
    $200 21
Harvard

Papa
    $200 27
suppress

Joseph
    $200 10
San Salvador

Joseph
    $200 12
Indiana

Joseph
    $400 4
(Papa: What is the brain?)

the heart

DavidPapa
    $400 30
Blade

Triple Stumper
    $400 25
University of Southern Cal (USC)

Papa
    $400 23
(David: What is a sapphire?)
...
(Alex: [*], yes. Two "P"s, two "S"s.)

sapphires

DavidPapa
    $400 11
Cape Town

David
    $400 13
(Alex: Yes, your state.)
(Joseph: Yuh-hm.)

New Jersey

Joseph
    $600 5
the Nile

Papa
    $600 29
Bruce Banner

Triple Stumper
    $600 22
Yale

Papa
    $600 2
passports

Papa
    $600 7
(Joseph: What is Boca Raton?)

San José

DavidJoseph
    $600 14
Tennessee

Joseph
    $800 8
(David: Who is Ramses II?)
...
(Alex: Talkin' about 300s B.C., [*].)

Alexander the Great

David
Triple Stumper
    $800 24
Thor

David
    $800 20
the University of Nebraska

David
    $800 17
prospectors

Papa
    $800 3
Addis Ababa

David
    $800 15
Wisconsin

Papa
    $1000 9
hieroglyphics

David
    $1000 26
(Joseph: What is the Hoosier?)

Hawkeye

PapaJoseph
    $1000 18
the University of Pennsylvania

Joseph
    $1000 16
phosphorus

David
    $1,000 6
(Papa: What is Phnom Penh?)
(Alex: No. What is [*]?
(Papa: [In a pained whisper] Ohh!)
(Alex: [*]. Yeah, it hurts to miss that one.)
(Papa: Yeah, it does.)

New Delhi

Papa
    $1000 19
Kansas

Papa

Scores at the first commercial break (after clue 12):

David Papa Joseph
$2,400 $0 -$200

Scores at the end of the Jeopardy! Round:

David Papa Joseph
$4,600 $5,400 $1,000

Double Jeopardy! Round responses

I'M DOWN WITH HOMEWORK
BODIES OF WATER
BALLET IS FOR THE BIRDS!
THEIR TEEN YEARS
RHYME TIME
ESTATE QUARTERS
    $400 10
Martin Luther

Joseph
    $400 16
the Pacific

Papa
    $400 1
Mother Goose

Papa
    $400 25
Kiefer Sutherland

Triple Stumper
    $400 27
(Joseph: Uh, toast ghost--or ghost toast.)
(Alex: Nope. Papa?)
...
(Alex: [To Papa] We'll accept that. Joseph, the reason I ruled against you--you didn't phrase it in the form of a question, and in this round you get penalized.)

ghost toast (a toast ghost accepted)

PapaJoseph
    $400 4
Mount Vernon

Papa
    $800 6
amigo

Papa
    $800 15
the English Channel

Joseph
    $800 22
Don Quixote

David
    $800 21
Tiger Woods

David
    $800 30
fight night

Papa
    $800 3
Monticello

Joseph
    $1200 11
the Caspian Sea

David
    $2,000 14
Lake Erie

David
    $1200 23
Swan Lake

Papa
    $1200 26
Miss Congeniality

Joseph
    $1200 29
a weak Greek

Joseph
    $1200 8
Teddy Roosevelt

Joseph
    $1600 18
Madame Bovary

Triple Stumper
    $1600 13
the Bering Sea

David
    $2,600 5
Beatrix Potter

Papa
    $1600 17
Christina Aguilera

Joseph
    $1600 2
a dish wish

Triple Stumper
    $1600 7
Scotland

Joseph
    $2000 19
(Joseph: What is a flagellum?)
(Alex: Ye--ye--[Looks to judges])
(Joseph: Or flagella?)
(Alex: Nope.)

a flagellate

PapaJoseph
    $2000 12
the Volga

David
    $2000 24
Prokofiev

David
    $2000 28
Al Gore

Joseph
    $2000 20
a hair chair

David
    $2000 9
Versailles

Joseph

Scores at the end of the Double Jeopardy! Round:

David Papa Joseph
$17,000 $14,400 $11,400

[wagering suggestions for these scores]

Final Jeopardy! Round responses

LITERARY ANIMALS
(Alex: But that makes Papa Chakravarthy a finalist. He'll get to play for $75,000. Congratulations, young man. Your two opponents will go home with $10,000, and now let's see who your opponents will be starting tomorrow.)
(Matt: Matt Klein, Rochester, New York.)
(Andrew: Andrew Kreitz, Huntington Beach, California.)
(Alex: It's gonna be an exciting 2-day final, folks. Be sure to join us tomorrow. Until then, so long, everybody.)
JosephWho is Napoleon?
$10,000
PapaWho was Black Beauty?
$8,400
DavidWho is _____
$11,801
Black Beauty

Final scores:

David Papa Joseph
$5,199 $22,800 $1,400
2nd place: $10,000 Finalist 3rd place: $10,000

Game dynamics:

Coryat scores:

David Papa Joseph
$16,200 $14,400 $11,400
16 R
(including 1 DD),
2 W
21 R
(including 1 DD),
2 W
(including 1 DD)
16 R,
4 W

Combined Coryat: $42,000

[game clues] [game scores] [suggest correction]

Game tape date: Unknown
The J! Archive is created by fans, for fans. Scraping, republication, monetization, and malicious use prohibited; this site may use cookies and collect identifying information. See terms. The Jeopardy! game show and all elements thereof, including but not limited to copyright and trademark thereto, are the property of Jeopardy Productions, Inc. and are protected under law. This website is not affiliated with, sponsored by, or operated by Jeopardy Productions, Inc. Join the discussion at JBoard.tv.